000 00311nam a2200121Ia 4500
008 240731s9999 xx 000 0 und d
022 _a1757-0646
245 0 _aComparative and Continental Philosophy
260 _bRoutledge
856 _uhttps://www.tandfonline.com/loi/yccp20
942 _2ddc
942 _cTFEJ
999 _c76017
_d76017
945 _a1
_bMadushi Gamage
_c1
_dMadushi Gamage